MARC details
| 000 -CABECERA |
| campo de control de longitud fija |
00869cam a2200241 a 4500 |
| 005 - FECHA Y HORA DE LA ÚLTIMA TRANSACCIÓN |
| campo de control |
20240113063630.0 |
| 008 - ELEMENTOS DE LONGITUD FIJA--INFORMACIÓN GENERAL |
| campo de control de longitud fija |
190315s2009 mx o fr 000 0 spa d |
| 020 ## - NÚMERO INTERNACIONAL NORMALIZADO PARA LIBROS |
| Número Internacional Estándar del Libro |
9786077879015 |
| 035 ## - NÚMERO DE CONTROL DEL SISTEMA |
| Número de control de sistema |
UPN01000229675 |
| 040 ## - FUENTE DE LA CATALOGACIÓN |
| Centro catalogador/agencia de origen |
MX-MxUPN |
| Lengua de catalogación |
spa |
| Centro/agencia transcriptor |
MX-MxUPN |
| 049 ## - COLECCIÓN |
| Colección |
SEP |
| 050 ## - SIGNATURA TOPOGRÁFICA DE LA BIBLIOTECA DEL CONGRESO |
| Número de clasificación |
L227 D3.8 |
| Número de documento/Ítem |
B5 2009 |
| 110 1# - ASIENTO PRINCIPAL--NOMBRE CORPORATIVO |
| 9 (RLIN) |
28016 |
| Nombre de entidad corporativa o nombre de jurisdicción como elemento de entrada |
México. |
| Unidad subordinada |
Dirección General de Educación Indígena |
| 245 10 - MENCIÓN DE TÍTULO |
| Título |
Lineamientos de la educación inicial indígena / |
| Mención de responsabilidad, etc. |
Dirección General de Educación Indígena |
| 260 ## - PUBLICACIÓN, DISTRIBUCIÓN, ETC. |
| Lugar de publicación, distribución, etc. |
México : |
| Nombre del editor, distribuidor, etc. |
SEP, Dirección General de Educación Indígena, |
| Fecha de publicación, distribución, etc. |
2009. |
| 300 ## - DESCRIPCIÓN FÍSICA |
| Extensión |
78 p. : |
| Otras características físicas |
fot. col. |
| 650 #4 - ASIENTO SECUNDARIO DE MATERIA - TERMINO TEMATICO |
| Término de materia o nombre geográfico como elemento de entrada |
Indígenas de México |
| Subdivisión general |
Educación |
| 9 (RLIN) |
10 |
| 650 #4 - ASIENTO SECUNDARIO DE MATERIA - TERMINO TEMATICO |
| Término de materia o nombre geográfico como elemento de entrada |
Indígenas de México |
| Subdivisión general |
Leyes y legislación |
| Subdivisión geográfica |
MEXICO |
| 9 (RLIN) |
5521 |
| 650 #4 - ASIENTO SECUNDARIO DE MATERIA - TERMINO TEMATICO |
| Término de materia o nombre geográfico como elemento de entrada |
Educación de la primera infancia |
| Subdivisión geográfica |
México |
| 9 (RLIN) |
22990 |
| 905 ## - TIPO DE MATERIAL |
| Tipo de material |
Libro |
| 942 ## - ELEMENTOS DE PUNTO DE ACCESO ADICIONAL (KOHA) |
| Fuente del sistema de clasificación o colocación |
Library of Congress Classification |
| Tipo de ítem Koha |
Libro |